Statistics for Billy Joel Songs

Click here to take the quiz!

General Stats

  • This quiz has been taken 2,978 times
    (2,614 since last reset)
  • The average score is 8 of 13

Answer Stats

LyricSong Title% Correct
"Son can you play me a memory, I'm not really sure how it goes"Piano Man
98%
"Foreign debts, homeless Vets, AIDs, Crack, Bernie Goetz"We Didn't Start the Fire
89%
"I bet she's never had a backstreet guy, I bet her momma never told her why"Uptown Girl
86%
"Come out Virginia, don't let me wait. You Catholic girls start much too late"Only the Good Die Young
75%
"And she'll take what you give her, as long as its free"She's Always a Woman
70%
"Don't go changing, to try and please me"Just the Way You Are
68%
"Some folks like to get away, take a holiday from the neighborhood"New York State of Mind
59%
"Slow down, you crazy child, you're so ambitious for a juvenile"Vienna
59%
"And they're closing all the factories down. Out in Bethlehem they're killing time"Allentown
57%
"In the middle of the night, I go walking in my sleep."River of Dreams
57%
"Well you're 21 and still your mother makes your bed, and that's too long"Captain Jack
38%
"I'll get put in the back in the discount rack, like another can of beans"The Entertainer
36%
"I put on my shark skin jacket, you know the kind with the velvet collar"Keeping the Faith
26%

Score Distribution

Percentile by Number Answered

Percent of People with Each Score

Your Score History

You have not taken this quiz since the last reset